<?xml version="1.0" encoding="UTF-8"?><?xml-stylesheet type="text/xsl" href="static/style.xsl"?><OAI-PMH xmlns="http://www.openarchives.org/OAI/2.0/" xmlns:xsi="http://www.w3.org/2001/XMLSchema-instance" xsi:schemaLocation="http://www.openarchives.org/OAI/2.0/ http://www.openarchives.org/OAI/2.0/OAI-PMH.xsd"><responseDate>2026-04-18T13:59:46Z</responseDate><request verb="GetRecord" identifier="oai:repisalud.isciii.es:20.500.12105/16461" metadataPrefix="marc">https://repisalud.isciii.es/rest/oai/request</request><GetRecord><record><header><identifier>oai:repisalud.isciii.es:20.500.12105/16461</identifier><datestamp>2024-09-27T08:02:46Z</datestamp><setSpec>com_20.500.12105_19604</setSpec><setSpec>com_20.500.12105_2051</setSpec><setSpec>col_20.500.12105_19605</setSpec></header><metadata><record xmlns="http://www.loc.gov/MARC21/slim" xmlns:dcterms="http://purl.org/dc/terms/" xmlns:doc="http://www.lyncode.com/xoai" xmlns:xsi="http://www.w3.org/2001/XMLSchema-instance" xsi:schemaLocation="http://www.loc.gov/MARC21/slim http://www.loc.gov/standards/marcxml/schema/MARC21slim.xsd">
   <leader>00925njm 22002777a 4500</leader>
   <datafield ind2=" " ind1=" " tag="042">
      <subfield code="a">dc</subfield>
   </datafield>
   <datafield ind2=" " ind1=" " tag="720">
      <subfield code="a">Nadarajah, Ramesh</subfield>
      <subfield code="e">author</subfield>
   </datafield>
   <datafield ind2=" " ind1=" " tag="720">
      <subfield code="a">Ludman, Peter</subfield>
      <subfield code="e">author</subfield>
   </datafield>
   <datafield ind2=" " ind1=" " tag="720">
      <subfield code="a">Laroche, Cécile</subfield>
      <subfield code="e">author</subfield>
   </datafield>
   <datafield ind2=" " ind1=" " tag="720">
      <subfield code="a">Appelman, Yolande</subfield>
      <subfield code="e">author</subfield>
   </datafield>
   <datafield ind2=" " ind1=" " tag="720">
      <subfield code="a">Brugaletta, Salvatore</subfield>
      <subfield code="e">author</subfield>
   </datafield>
   <datafield ind2=" " ind1=" " tag="720">
      <subfield code="a">Budaj, Andrzej</subfield>
      <subfield code="e">author</subfield>
   </datafield>
   <datafield ind2=" " ind1=" " tag="720">
      <subfield code="a">Bueno, Hector</subfield>
      <subfield code="e">author</subfield>
   </datafield>
   <datafield ind2=" " ind1=" " tag="720">
      <subfield code="a">Huber, Kurt</subfield>
      <subfield code="e">author</subfield>
   </datafield>
   <datafield ind2=" " ind1=" " tag="720">
      <subfield code="a">Kunadian, Vijay</subfield>
      <subfield code="e">author</subfield>
   </datafield>
   <datafield ind2=" " ind1=" " tag="720">
      <subfield code="a">Leonardi, Sergio</subfield>
      <subfield code="e">author</subfield>
   </datafield>
   <datafield ind2=" " ind1=" " tag="720">
      <subfield code="a">Lettino, Maddalena</subfield>
      <subfield code="e">author</subfield>
   </datafield>
   <datafield ind2=" " ind1=" " tag="720">
      <subfield code="a">Milasinovic, Dejan</subfield>
      <subfield code="e">author</subfield>
   </datafield>
   <datafield ind2=" " ind1=" " tag="720">
      <subfield code="a">Gale, Chris P</subfield>
      <subfield code="e">author</subfield>
   </datafield>
   <datafield ind2=" " ind1=" " tag="260">
      <subfield code="c">2023-09-12</subfield>
   </datafield>
   <datafield ind2=" " ind1=" " tag="520">
      <subfield code="a">BACKGROUND&#xd;
The majority of NSTEMI burden resides outside high-income countries (HICs). We describe presentation, care, and outcomes of NSTEMI by country income classification.&#xd;
METHODS AND RESULTS&#xd;
Prospective cohort study including 2947 patients with NSTEMI from 287 centres in 59 countries, stratified by World Bank country income classification. Quality of care was evaluated based on 12 guideline-recommended care interventions. The all-or-none scoring composite performance measure was used to define receipt of optimal care. Outcomes included in-hospital acute heart failure, stroke/transient ischaemic attack, and death, and 30-day mortality. Patients admitted with NSTEMI in low to lower-middle-income countries (LLMICs), compared with patients in HICs, were younger, more commonly diabetic, and current smokers, but with a lower burden of other comorbidities, and 76.7% met very high risk criteria for an immediate invasive strategy. Invasive coronary angiography use increased with ascending income classification (LLMICs, 79.2%; upper middle income countries [UMICs], 83.7%; HICs, 91.0%), but overall care quality did not (≥80% of eligible interventions achieved: LLMICS, 64.8%; UMICs 69.6%; HICs 55.1%). Rates of acute heart failure (LLMICS, 21.3%; UMICs, 12.1%; HICs, 6.8%; P &lt; 0.001), stroke/transient ischaemic attack (LLMICS: 2.5%; UMICs: 1.5%; HICs: 0.9%; P = 0.04), in-hospital mortality (LLMICS, 3.6%; UMICs: 2.8%; HICs: 1.0%; P &lt; 0.001) and 30-day mortality (LLMICs, 4.9%; UMICs, 3.9%; HICs, 1.5%; P &lt; 0.001) exhibited an inverse economic gradient.&#xd;
CONCLUSION&#xd;
Patients with NSTEMI in LLMICs present with fewer comorbidities but a more advanced stage of acute disease, and have worse outcomes compared with HICs. A cardiovascular health narrative is needed to address this inequity across economic boundaries.</subfield>
   </datafield>
   <datafield ind1="8" ind2=" " tag="024">
      <subfield code="a">Eur Heart J Qual Care Clin Outcomes. 2023 Sep 12;9(6):552-563.</subfield>
   </datafield>
   <datafield ind1="8" ind2=" " tag="024">
      <subfield code="a">http://hdl.handle.net/20.500.12105/16461</subfield>
   </datafield>
   <datafield ind1="8" ind2=" " tag="024">
      <subfield code="a">36737420</subfield>
   </datafield>
   <datafield ind1="8" ind2=" " tag="024">
      <subfield code="a">10.1093/ehjqcco/qcad008</subfield>
   </datafield>
   <datafield ind1="8" ind2=" " tag="024">
      <subfield code="a">2058-1742</subfield>
   </datafield>
   <datafield ind1="8" ind2=" " tag="024">
      <subfield code="a">European heart journal. Quality of care &amp; clinical outcomes</subfield>
   </datafield>
   <datafield ind2="0" ind1="0" tag="245">
      <subfield code="a">Presentation, care, and outcomes of patients with NSTEMI according to World Bank country income classification: the ACVC-EAPCI EORP NSTEMI Registry of the European Society of Cardiology.</subfield>
   </datafield>
</record></metadata></record></GetRecord></OAI-PMH>